| 000 | 01023nam a22003138i 4500 | ||
|---|---|---|---|
| 001 | 019682310 | ||
| 003 | EG-ScBUE | ||
| 005 | 20251130092528.0 | ||
| 008 | 191217s2020 cau f 000 0 eng d | ||
| 020 | _a9781526459558 (hbk.) | ||
| 040 |
_aStDuBDS _beng _erda _cStDuBDS _dEG-ScBUE |
||
| 082 | 0 | 4 |
_a320 _222 _bSAG |
| 245 | 0 | 4 |
_aThe SAGE handbook of political science / _cedited by Dirk Berg-Schlosser, Bertrand Badie, Leonardo A. Morlino. |
| 246 | 3 | 0 | _aHandbook of political science |
| 246 | 3 | 0 | _aPolitical science |
| 264 | 1 |
_aLos Angeles : _bSAGE, _c2020. |
|
| 300 |
_a3 volumes ; _c25 cm |
||
| 336 |
_atext _2rdacontent _btxt |
||
| 337 |
_aunmediated _2rdamedia _bn |
||
| 338 |
_avolume _2rdacarrier _bnc |
||
| 505 | 0 | _aVolume 1 -- Volume 2 -- Volume 3. | |
| 650 | 7 |
_aPolitical science. _2BUEsh |
|
| 653 |
_cNovember2025 _bBUSBOL |
||
| 655 | _vReading book | ||
| 700 | 1 |
_aBerg-Schlosser, Dirk, _eeditor. |
|
| 700 | 1 |
_aBadie, Bertrand, _eeditor. |
|
| 700 | 1 | 0 |
_aMorlino, Leonardo, _d1947- _eeditor. |
| 942 |
_2ddc _cBB |
||
| 999 |
_c31024 _d30995 |
||